000 00430nam a22001697a 4500
003 CEME
005 20210628202437.0
008 210115b xxu||||| |||| 00| 0 eng d
020 _a9789339205317
040 _c.
082 _a620.118 HYE
100 _aHyer, M. W
_959932
245 _aStress analysis of fiber reinforced composite materials
260 _aINDIA
_bMCGRAW HILL
_c2014
300 _aXVII, 617P
942 _cBK
_2ddc
999 _c569793
_d569793